000 01134nac a22003137a 4500
001 BR7500959
003 BR-BrBNA
005 20240105113840.0
008 230509b bl.|||m| |||| 00| 0 por d
040 _aBR-BrBNA
_bpor
_cBiblioteca Nacional de Agricultura
072 _aE50; E10; C00
090 _aE50 BR7500959
110 1 _aConfederacao Nacional dos Trabalhadores na Agricultura, Brasilia, DF (Brasil)
_92541
245 1 _aRelatorio anual; atividades 1974 [Confederacao Nacional dos Trabalhadores na Agricultura; Sociologia rural; Macroeconomia; Educacao agricola; Legislacao economica; Brasil]
260 3 _aBrasilia, DF (Brasil):
_c[nd].
300 _a40 p.
490 _aRelatorio - Confederacao Nacional dos Trabalhadores na Agricultura (Brazil)
_v
_x
500 _a8 tables; Published after 1974
650 _aSociologia rural
650 _aMacroeconomia
650 _aEducacao agricola
650 _aSindicato
650 _aTrabalhador rural
650 _aDireito rural
650 _aCurso
650 _aPROGRAMA EDUCACIONAL
909 _a202312
_bLúcia Elande
_c55
_dLúcia Elande
942 _2AGRIS
_n0
_cMS
999 _c265924
_d265924